[Event "Baltija Cup"]
[Site "Palanga"]
[Date "2012.06.20"]
[Round "2"]
[White "Dienine, Daiva"]
[Black "Alekna, Laurynas"]
[Result "1-0"]
[WhiteElo "2045"]
[BlackElo "1747"]
[PlyCount "37"]
[EventDate "2012.06.19"]
[EventType "swiss"]
[EventRounds "8"]
[EventCountry "LTU"]
[SourceTitle "CBM 149 Extra"]
[Source "ChessBase"]
[SourceDate "2012.08.24"]
[SourceVersion "1"]
[SourceVersionDate "2012.08.24"]
[SourceQuality "1"]

1. d4 d5 2. Nf3 Nf6 3. Nbd2 e6 4. e3 c5 5. c3 Bd6 6. Bd3 0-0 7. 0-0 Nbd7 8. Qe2 b6 9. e4 dxe4 10. Nxe4 Be7 11. Rd1 Qc7 12. Bg5 Nd5 13. Bxe7 Nxe7 14. dxc5 Nxc5 15. Nxc5 Qxc5 16. Qe4 f5 17. Qxa8 Qc7 18. Nd4 Nd5 19. Nc6 1-0

[Event "Baltija Cup"]
[Site "Palanga"]
[Date "2012.06.19"]
[Round "1"]
[White "Limanovska, Elizabete"]
[Black "Dienine, Daiva"]
[Result "0-1"]
[WhiteElo "1647"]
[BlackElo "2045"]
[PlyCount "110"]
[EventDate "2012.06.19"]
[EventType "swiss"]
[EventRounds "8"]
[EventCountry "LTU"]
[SourceTitle "CBM 149 Extra"]
[Source "ChessBase"]
[SourceDate "2012.08.24"]
[SourceVersion "1"]
[SourceVersionDate "2012.08.24"]
[SourceQuality "1"]

1. e4 c5 2. Nf3 e6 3. d4 cxd4 4. Nxd4 a6 5. Nc3 Qc7 6. g3 Nc6 7. Bg2 Nf6 8. 0-0 Nxd4 9. Qxd4 Bc5 10. Qd3 0-0 11. Be3 d6 12. Rad1 e5 13. h3 Be6 14. Bxc5 dxc5 15. Nd5 Bxd5 16. exd5 c4 17. Qd2 Qd6 18. Rfe1 b5 19. Qc3 Nd7 20. h4 Rae8 21. a4 Rc8 22. axb5 axb5 23. Bh3 f5 24. Qf3 e4 25. Qe2 Ne5 26. Bg2 Rc5 27. f3 Rxd5 28. fxe4 Rxd1 29. Rxd1 Qb6+ 30. Kh1 Ng4 31. Rf1 Qe3 32. Bf3 Qxe2 33. Bxe2 Ne3 34. Rf3 Nxc2 35. Rxf5 Rxf5 36. exf5 Nd4 37. Bg4 Kf7 38. Bh3 h5 39. Kg2 b4 40. Kf2 c3 41. bxc3 bxc3 42. Ke3 c2 43. Kd2 Kf6 44. g4 hxg4 45. Bxg4 Nxf5 46. Kxc2 Ne3+ 47. Kd3 Nxg4 48. Ke4 Kg6 49. Kf4 Nf6 50. Kf3 Kh5 51. Kg3 Nd5 52. Kh3 Nf4+ 53. Kg3 Ng6 54. Kf3 Kxh4 55. Ke4 Kg4 0-1

[Event "Klaipeda Sea op 08th"]
[Site "Klaipeda"]
[Date "2011.07.26"]
[Round "2"]
[White "Dienine, Daiva"]
[Black "Klabyte, Rugile"]
[Result "1-0"]
[WhiteElo "2045"]
[BlackElo "1491"]
[PlyCount "39"]
[EventDate "2011.07.25"]
[EventType "swiss"]
[EventRounds "9"]
[EventCountry "LTU"]
[SourceTitle "EXT 2012"]
[Source "ChessBase"]
[SourceDate "2011.11.24"]
[SourceVersion "1"]
[SourceVersionDate "2011.11.24"]
[SourceQuality "1"]

1. d4 Nf6 2. Nf3 e6 3. e3 d5 4. Bd3 c6 5. 0-0 Bd6 6. Nbd2 0-0 7. e4 dxe4 8. Nxe4 Nxe4 9. Bxe4 Nd7 10. Re1 Nf6 11. Bg5 Be7 12. Bd3 b6 13. Ne5 Bb7 14. Qf3 Qxd4 15. Rad1 Qxb2 16. Re3 h6 17. Bxh6 gxh6 18. Qf4 Rfd8 19. Qxh6 Ne4 20. Rxe4 1-0

[Event "LTU-chT2 1011"]
[Site "Lithuania"]
[Date "2010.11.21"]
[Round "2.35"]
[White "Dienine, Daiva"]
[Black "Karsokaite, Irena"]
[Result "1-0"]
[WhiteElo "2042"]
[BlackElo "1618"]
[PlyCount "135"]
[EventDate "2010.11.06"]
[EventType "team-tourn"]
[EventRounds "9"]
[EventCountry "LTU"]
[SourceTitle "EXT 2012"]
[Source "ChessBase"]
[SourceDate "2011.11.24"]
[SourceVersion "1"]
[SourceVersionDate "2011.11.24"]
[SourceQuality "1"]

1. c4 e6 2. d4 Nf6 3. g3 d5 4. Bg2 Be7 5. Nf3 0-0 6. 0-0 dxc4 7. Qc2 a6 8. a4 b5 9. axb5 Bb7 10. bxa6 Rxa6 11. Rxa6 Bxa6 12. Rd1 Nbd7 13. e4 Qb8 14. Nfd2 Nb6 15. Nf1 Rd8 16. Ne3 c6 17. Nc3 h6 18. f4 Qa7 19. f5 exf5 20. Nxf5 Bf8 21. Qe2 Bc8 22. Ne3 Ba6 23. Kh1 Qd7 24. Qf3 Bc8 25. Nf5 Qb7 26. Nxh6+ Kh7 27. e5 gxh6 28. Qxf6 Qe7 29. Be4+ Kg8 30. Qxc6 Qe6 31. Qxe6 Bxe6 32. d5 Bg4 33. Rf1 Nd7 34. Bf4 Bg7 35. e6 fxe6 36. Bc7 Rc8 37. d6 Ne5 38. Kg2 Bh5 39. h3 Be8 40. Bb7 Bc6+ 41. Bxc6 Nxc6 42. Rf4 Ne5 43. Na4 Rf8 44. Rxf8+ Kxf8 45. Nc5 Ke8 46. Nxe6 Bf6 47. Nc5 Nd7 48. Na4 Ne5 49. Nb6 Bg5 50. d7+ Nxd7 51. Nxc4 Nc5 52. Bf4 Kd7 53. Bxg5 hxg5 54. Kf3 Ke6 55. Kg4 Kf6 56. Nd2 Kg6 57. b3 Nd3 58. Kf3 Nb4 59. Ke4 Kf6 60. Nf3 Nc6 61. Kd5 Nb4+ 62. Kc4 Nc6 63. Kc5 Na7 64. b4 Kf5 65. b5 g4 66. Nd4+ Kg5 67. h4+ Kf6 68. b6 1-0

[Event "Klaipeda Sea op 07th"]
[Site "Klaipeda"]
[Date "2010.07.30"]
[Round "8"]
[White "Dienine, Daiva"]
[Black "Beinoras, Mindaugas"]
[Result "0-1"]
[WhiteElo "2042"]
[BlackElo "2386"]
[PlyCount "128"]
[EventDate "2010.07.26"]
[EventType "swiss"]
[EventRounds "9"]
[EventCountry "LTU"]
[SourceTitle "EXT 2012"]
[Source "ChessBase"]
[SourceDate "2011.11.24"]
[SourceVersion "1"]
[SourceVersionDate "2011.11.24"]
[SourceQuality "1"]

1. d4 d5 2. Nf3 c5 3. e3 Nc6 4. c3 e6 5. Bd3 Nf6 6. Nbd2 b6 7. 0-0 Bb7 8. Ne5 Qc7 9. f4 g6 10. Ndf3 Bg7 11. Ng5 Rf8 12. Qc2 0-0-0 13. b3 h6 14. Ngf3 Ne7 15. a4 Ne4 16. Bd2 f6 17. Ng4 g5 18. Nf2 Nxd2 19. Qxd2 Nc6 20. Rac1 e5 21. fxe5 fxe5 22. dxe5 Nxe5 23. Nxe5 Bxe5 24. Ng4 Bd6 25. h3 Qg7 26. Rxf8 Rxf8 27. Rf1 Rxf1+ 28. Bxf1 h5 29. Nh2 Be5 30. Qe2 Bxc3 31. Qxh5 Qe7 32. Qe2 Kb8 33. Nf3 Bf6 34. Qd3 Qe6 35. Be2 d4 36. exd4 cxd4 37. Bd1 Be4 38. Qb5 Bg6 39. Qe2 Qd5 40. Ne1 d3 41. Qd2 Be5 42. Nf3 Bf4 43. Qc3 Qe4 44. Qh8+ Kb7 45. Qg7+ Ka6 46. Qc3 Bd6 47. Qc8+ Ka5 48. Qc3+ Bb4 49. Qe5+ Bc5+ 50. Kf1 Qxe5 51. Nxe5 Be4 52. Nf3 Be3 53. h4 gxh4 54. Nxh4 Kb4 55. Nf3 Kc3 56. Ke1 Bd5 57. g4 Bf4 58. g5 Kb2 59. b4 Kc1 60. Be2 dxe2 61. Kxe2 Bxf3+ 62. Kxf3 Bxg5 63. Ke4 Be7 64. b5 Kc2 0-1

[Event "LTU-chT2"]
[Site "Lithuania"]
[Date "2010.04.10"]
[Round "8.25"]
[White "Januseviciute, Donata"]
[Black "Dienine, Daiva"]
[Result "0-1"]
[WhiteElo "1800"]
[BlackElo "2036"]
[PlyCount "100"]
[EventDate "2009.11.07"]
[EventType "team-tourn"]
[EventRounds "9"]
[EventCountry "LTU"]
[SourceTitle "EXT 2022"]
[Source "ChessBase"]
[SourceDate "2021.10.06"]
[SourceVersion "1"]
[SourceVersionDate "2021.10.06"]
[SourceQuality "1"]

1. Nf3 c5 2. d3 Nc6 3. e4 e6 4. g3 d5 5. exd5 exd5 6. Qe2+ Be7 7. Bg2 Bg4 8. c3 Nf6 9. 0-0 0-0 10. Qc2 Qd7 11. Bf4 Nh5 12. Qc1 Qf5 13. d4 Bxf3 14. Bxf3 cxd4 15. Rd1 Bf6 16. Kg2 Nxf4+ 17. Qxf4 Qxf4 18. gxf4 Rad8 19. Rd3 b5 20. Na3 dxc3 21. bxc3 b4 22. Nc2 Bxc3 23. Rb1 a5 24. Rxd5 Rxd5 25. Bxd5 Ne7 26. Bb3 Ng6 27. Kg3 h5 28. Ne3 Rd8 29. Rd1 Rxd1 30. Bxd1 h4+ 31. Kf3 Bd2 32. h3 Bxe3 33. fxe3 f5 34. e4 fxe4+ 35. Kxe4 Kf7 36. Bc2 Kf6 37. Kf3 Ne7 38. Bb3 g5 39. fxg5+ Kxg5 40. Ke4 Ng6 41. Ba4 Nf4 42. Bd7 Ne2 43. Kd3 Nc1+ 44. Kc4 Nxa2 45. Kb3 Nc3 46. Be6 Kf4 47. Kc4 Ke3 48. Bd7 Ne4 49. Kb5 b3 50. Be6 b2 0-1

[Event "LTU-chT2 0708"]
[Site "Lithuania"]
[Date "2008.03.15"]
[Round "8.2"]
[White "Dienine, Daiva"]
[Black "Zalimaite, Ieva"]
[Result "1-0"]
[WhiteElo "2034"]
[BlackElo "1887"]
[PlyCount "85"]
[EventDate "2007.09.27"]
[EventType "team-tourn"]
[EventRounds "9"]
[EventCountry "LTU"]
[SourceTitle "EXT 2022"]
[Source "ChessBase"]
[SourceDate "2021.10.06"]
[SourceVersion "1"]
[SourceVersionDate "2021.10.06"]
[SourceQuality "1"]

1. d4 e6 2. c4 Bb4+ 3. Bd2 Qe7 4. g3 Nf6 5. Bg2 0-0 6. Nc3 d6 7. a3 Bxc3 8. Bxc3 Nbd7 9. Nf3 Rb8 10. 0-0 b6 11. Nd2 Bb7 12. e4 e5 13. d5 h5 14. b4 Ra8 15. Qe2 a5 16. Nb3 a4 17. Nc1 Ba6 18. b5 Bb7 19. Nd3 Rfe8 20. Rae1 Qf8 21. f4 h4 22. fxe5 dxe5 23. Bb4 Nc5 24. Bxc5 bxc5 25. Qe3 hxg3 26. hxg3 Nd7 27. Bh3 Nb6 28. Rc1 Bc8 29. Bxc8 Raxc8 30. Qxc5 Qd6 31. Qxd6 cxd6 32. c5 dxc5 33. Rxc5 Rxc5 34. Nxc5 Nc4 35. Nxa4 Ra8 36. b6 Rb8 37. Rb1 Nxa3 38. Rb4 Nc2 39. Rc4 Nd4 40. d6 Ne6 41. d7 Rd8 42. Rc8 Kh7 43. b7 1-0